Southville International School and Colleges
Your cart is empty.
  • Cart
  • Lists
    Public lists Eva Luna New books Lux_list list_1
    Your lists Log in to create your own lists
  • Log in to your account
  • Your cookies
  • Search history
Southville International School and Colleges
  • Advanced search
  • Recent comments
  • Most popular
  • Libraries

Log in to your account

Log in with GOOGLE


If you do not have an external account, but do have a local account, you can still log in:

  1. Home
  2. MARC view: Basic econometrics /
Normal view MARC view ISBD view

Basic econometrics / (Record no. 15639)

[ view plain ]
MARC details
000 -LEADER
fixed length control field 01136cam a2200325 a 4500
001 - CONTROL NUMBER
control field 15411973
003 - CONTROL NUMBER IDENTIFIER
control field OSt
005 - DATE AND TIME OF LATEST TRANSACTION
control field 20140310182745.0
008 - FIXED-LENGTH DATA ELEMENTS--GENERAL INFORMATION
fixed length control field 080814s2009 maua b 001 0 eng
010 ## - LIBRARY OF CONGRESS CONTROL NUMBER
LC control number 2008035934
020 ## - INTERNATIONAL STANDARD BOOK NUMBER
International Standard Book Number 9780071276252
040 ## - CATALOGING SOURCE
Original cataloging agency DLC
Transcribing agency DLC
Modifying agency DLC
050 00 - LIBRARY OF CONGRESS CALL NUMBER
Classification number HB 139
Item number .G84 2009
100 1# - MAIN ENTRY--PERSONAL NAME
Personal name Gujarati, Damodar N.
245 10 - TITLE STATEMENT
Title Basic econometrics /
Statement of responsibility, etc Damodar N. Gujarati, Dawn C. Porter.
250 ## - EDITION STATEMENT
Edition statement 5th ed.
260 ## - PUBLICATION, DISTRIBUTION, ETC. (IMPRINT)
Place of publication, distribution, etc Boston :
Name of publisher, distributor, etc McGraw-Hill Irwin,
Date of publication, distribution, etc 2009.
300 ## - PHYSICAL DESCRIPTION
Extent xx, 922 p. :
Other physical details ill. ;
Dimensions 26 cm.
504 ## - BIBLIOGRAPHY, ETC. NOTE
Bibliography, etc Includes bibliographical references (p. 902-903) and indexes.
521 ## - TARGET AUDIENCE NOTE
Target audience note
526 ## - STUDY PROGRAM INFORMATION NOTE
Reading level 1210L to 1700L
562 ## - COPY AND VERSION IDENTIFICATION NOTE
Number of copies For Circulation. 1 Copy Available in the Collection
650 #0 - SUBJECT ADDED ENTRY--TOPICAL TERM
Topical term or geographic name as entry element Econometrics.
700 1# - ADDED ENTRY--PERSONAL NAME
Personal name Porter, Dawn C.
856 41 - ELECTRONIC LOCATION AND ACCESS
Materials specified Table of contents only
Uniform Resource Identifier <a href="http://www.loc.gov/catdir/toc/ecip0825/2008035934.html">http://www.loc.gov/catdir/toc/ecip0825/2008035934.html</a>
906 ## - LOCAL DATA ELEMENT F, LDF (RLIN)
a 7
b cbc
c orignew
d 1
e ecip
f 20
g y-gencatlg
942 ## - ADDED ENTRY ELEMENTS (KOHA)
Source of classification or shelving scheme Library of Congress Classification
Koha item type Books
Call number prefix Foreign
Holdings
Withdrawn status Lost status Source of classification or shelving scheme Damaged status Home library Current library Shelving location Date acquired Source of acquisition Total Checkouts Total Renewals Full call number Barcode Date last seen Date checked out Copy number Price effective from Koha item type
    Library of Congress Classification   College Library College Library General Circulation Section 06/07/2012 Donation 2 7 HB 139 .G84 2009 C14745 06/05/2023 04/24/2023 1 06/07/2012 Books

Basic econometrics /

APA

Gujarati D. N., Porter D. C., . (2009). Basic econometrics. Boston: McGraw-Hill Irwin.

Chicago

Gujarati Damodar N, Porter Dawn C, . 2009. Basic econometrics. Boston: McGraw-Hill Irwin.

Harvard

Gujarati D. N., Porter D. C., . (2009). Basic econometrics. Boston: McGraw-Hill Irwin.

MLA

Gujarati Damodar N, Porter Dawn C, . Basic econometrics. Boston: McGraw-Hill Irwin. 2009.

  • Place hold
  • Print
  • Cite
  • Add to your cart (remove)
  • Save record
    BIBTEX Dublin Core MARCXML MARC (non-Unicode/MARC-8) MARC (Unicode/UTF-8) MARC (Unicode/UTF-8, Standard) MODS (XML) RIS
  • More searches
    Search for this title in:
    Other Libraries (WorldCat) Other Databases (Google Scholar) Online Stores (Bookfinder.com) Open Library (openlibrary.org)

Exporting to Dublin Core...

SOUTHVILLE LIBRARY

Southville International School and Colleges Library

1281 Tropical Ave. Cor. Luxembourg St., BF Homes International, Las Pinas City

Tel. No. 8256374 / 252358 Loc. 117/146

Powered by Koha